| 000 | 01089cam a22002774a 4500 | ||
|---|---|---|---|
| 001 | 11970981 | ||
| 003 | PILC | ||
| 005 | 20150826151219.0 | ||
| 008 | 000411s2000 enka b 001 0 eng | ||
| 010 |
_a 00100342 _z 00039392 |
||
| 020 | _a056608368X | ||
| 040 |
_aDLC _cDLC _dDLC |
||
| 042 | _apcc | ||
| 050 | 0 | 0 |
_aHD 58.8 _b.B355 2000 |
| 082 | 0 | 0 | _a658.1/6 |
| 100 | 1 | _aBakker, Hans J. C. | |
| 245 | 1 | 0 |
_aSuccessfully integrating two businesses / _cHans J. C. Bakker and Jeroen W. A. Helmink. |
| 260 |
_aAldershot, Hampshire, England ; _aBurlington, Vt. : _bGower, _c2000. |
||
| 300 |
_axix, 208 pages : _billustrations ; _c24 cm. |
||
| 500 | _aIncludes bibliographical references and index. | ||
| 650 | 0 |
_aConsolidation and merger of corporations _xManagement. |
|
| 700 | 1 | _aHelmink, Jeroen W. A. | |
| 906 |
_a7 _bcbc _corignew _d1 _eocip _f20 _gy-gencatlg |
||
| 942 |
_2lcc _cBK |
||
| 999 |
_c288515 _d288515 |
||